The electricity act, 1910 (Record no. 542531)

000 -LEADER
fixed length control field 00371nam a22001217a 4500
082 ## - DEWEY DECIMAL CLASSIFICATION NUMBER
Classification number 343.0924
Author Mark All
-- L-32, p-9
245 ## - TITLE STATEMENT
Title The electricity act, 1910
Remainder of title All Pakistan legal decisions
260 ## - PUBLICATION, DISTRIBUTION, ETC.
Place of publication, distribution, etc. Lahore
Name of publisher, distributor, etc. All Pakistan legal decisons
Date of publication, distribution, etc. 1910
300 ## - PHYSICAL DESCRIPTION
Extent 51 p, :
Other physical details ill, ;
Dimensions 20 cm.
Accompanying material MCE
526 ## - STUDY PROGRAM INFORMATION NOTE
Program name 0
Interest level 0
Reading level 0
Title point value 343_092400000000000_ALL
650 ## - SUBJECT ADDED ENTRY--TOPICAL TERM
Topical term or geographic name entry element MCE
9 (RLIN) 379
942 ## - ADDED ENTRY ELEMENTS (KOHA)
Source of classification or shelving scheme
Koha item type Book
Holdings
Withdrawn status Lost status Source of classification or shelving scheme Damaged status Not for loan Permanent Location Current Location Date acquired Total Checkouts Full call number Barcode Date last seen Price effective from Koha item type
          Military College of Engineering (MCE) Military College of Engineering (MCE) 01/08/2014   343.0924 All MCE-2308 01/08/2014 01/08/2014 Book
© 2023 Central Library, National University of Sciences and Technology. All Rights Reserved.